ბათუმის შოთა რუსთაველის სახელმწიფო უნივერსიტეტის ბიბლიოთეკა

Inorganic chemistry / (ბიბ.ჩანაწერი № 53892)

000 -LEADER
fixed length control field 00670nam a2200241Ia 4500
001 - CONTROL NUMBER
control field 20943
003 - CONTROL NUMBER IDENTIFIER
control field GE_BSU
005 - DATE AND TIME OF LATEST TRANSACTION
control field 20221111122917.0
008 - FIXED-LENGTH DATA ELEMENTS--GENERAL INFORMATION
fixed length control field 181216s2014||||enk|||||||||||||| ||eng||
020 ## - INTERNATIONAL STANDARD BOOK NUMBER
International Standard Book Number 9781292020754x
040 ## - CATALOGING SOURCE
Transcribing agency GE_BSU
041 ## - LANGUAGE CODE
Language code of text/sound track or separate title eng
080 ## - UNIVERSAL DECIMAL CLASSIFICATION NUMBER
Universal Decimal Classification number 546 M-66
100 ## - MAIN ENTRY--PERSONAL NAME
Personal name Miessler, Gary L.
9 (RLIN) 12158
245 ## - TITLE STATEMENT
Title Inorganic chemistry /
Statement of responsibility, etc. Gary L. Miessler, PaulJ.Fischer, Donald A.Tarr.
250 ## - EDITION STATEMENT
Edition statement Fifth Edition.
264 ## - PRODUCTION, PUBLICATION, DISTRIBUTION, MANUFACTURE, AND COPYRIGHT NOTICE
Place of production, publication, distribution, manufacture Harlow:
Name of producer, publisher, distributor, manufacturer Person,
Date of production, publication, distribution, manufacture, or copyright notice 2014.
300 ## - PHYSICAL DESCRIPTION
Extent 674 p. :
Other physical details ill ;
Dimensions 27cm.
653 ## - INDEX TERM--UNCONTROLLED
keyword Inorganic chemistry
653 ## - INDEX TERM--UNCONTROLLED
keyword არაორგანული ქიმია
653 ## - INDEX TERM--UNCONTROLLED
keyword ქიმია
942 ## - ADDED ENTRY ELEMENTS (KOHA)
Koha item type წიგნი
Source of classification or shelving scheme
ეგზემპლარები
Withdrawn status Lost status Source of classification or shelving scheme Damaged status Not for loan Permanent Location Current Location Shelving location Date acquired Cost, normal purchase price Full call number Barcode Date last seen Copy number Price effective from Koha item type Public note
          ბათუმის შოთა რუსთაველის სახელმწიფო უნივერსიტეტის მთავარი ბიბლიოთეკა ბათუმის შოთა რუსთაველის სახელმწიფო უნივერსიტეტის მთავარი ბიბლიოთეკა წიგნსაცავი 2018-12-17 375.00 546 M-66 54646 2018-12-17 54646 2018-12-17 წიგნი 375.00 GEL.